Estado y slciedad civil en el capitalismo globalizado de América Latina. Cuestiones e interrogantes

Gardado en:
Detalles Bibliográficos
Autor Principal: Oliver Costilla, Lucio Fernando
Formato: Libro
Idioma:Spanish
Etiquetas: Engadir etiqueta
Sen Etiquetas, Sexa o primeiro en etiquetar este rexistro!

MARC

LEADER 00000nam a22000007a 4500
003 cru CIDCACS/IIS
005 20170515125055.0
008 170515b 2011MX ||||| |||| 00| 0 spa d
040 |c cru CIDCACS/IIS 
082 |a 04.03.01 C146a 
100 1 |9 4742  |a Oliver Costilla, Lucio Fernando 
245 |a Estado y slciedad civil en el capitalismo globalizado de América Latina.  |b Cuestiones e interrogantes  |c Lucio Fernando Oliver Costilla 
300 |a páginas 43-80 
942 |2 ddc  |c LI 
773 0 |0 19013  |9 376  |a Calderón Rodríguez, José María  |b 1. era edición   |d México, D.F. UNAM 2011  |o 17948  |t América Latina.  
999 |c 19314  |d 19314